000 00954nam a2200265Ia 4500
003 OSt
005 20221005111451.0
006 a|||||r|||| 00| 0
007 ta
008 221004b |||||||| |||| 00| 0 hin d
020 _a8181432096 (hbk)
_c400
024 _a19961
037 _b521, 21/03/2015, Vani Prakashan
_cTextual
040 _aCRL
_cCRL
_bhin
041 _2hin
_ahin
082 _aNW44, 152P9
100 _aजमाल, अनवर
245 0 _aहॉलीवुड बॉलीवुड
_b रास्तों से अलग
246 _aHaॉlīvuḍ baॉlīvuḍa: rāstoan se alaga
260 _aनई दिल्ली
_bवाणी प्रकाशन भारत
_c2006
300 _a143पृ0
_ccm.
650 _aल्थ्ल्त् क्ल्ज्ञ
942 _hNW44, 152P9
_cTEXL
_2cc
999 _c1021919
_d1021919